Statistiche per Quiz sulla Bosnia ed Erzegovina

Clicka qui per fare il quiz!

Statistiche generali

  • Questo quiz è stato fatto 685 volte
  • Il punteggio medio è 11 su 16

Statistiche sulle risposte

DomandaRisposta% Corretto
CapitaleSarajevo
99%
Stati confinantiCroazia
95%
Stati confinantiSerbia
93%
La Bosnia ha 20 km di costa su questo mareMar Adriatico
91%
Stati confinantiMontenegro
91%
Penisola della quale fa parteBalcanica
88%
Stato di cui ha fatto parte dal 1918 al 1992Jugoslavia
86%
Impero che consquistò la Bosnia nel 1463Impero Ottomano
84%
Religione praticata da una piccola maggioranza della popolazioneIslam
76%
Persona assassinata in questa città nel 1914Francesco Ferdinando
66%
La Bosnia ha la forma (approssimativamente) di questa parte del corpoCuore
45%
Evento ospitato dalla città precedente nel 1984Olimpiadi invernali
45%
Valuta{Marco} bosniaco
41%
La città più grande della regione dell'Erzegovina il cui ponte è stato dichiarato Patrimonio dell'UmanitàMostar
40%
Accordo di pace che pose fine alla guerra in Bosnia nel 1995 (suggerimento: una città in Ohio)Accordo di {Dayton}
30%
Fiume che delimita il confine settentrionaleSava
30%

Distribuzione punteggi

Percentile per numero di risposta

Percentuale di utenti per punteggio

I tuoi punteggi nel tempo

Non hai fatto questo quiz